All-Time Combined Premier League XI - Statistics

General Stats
  • This quiz has been taken 50 times
    49 since last reset
  • The average score is 24 of 33
Answer Stats
Position Starting XI % Correct
LB Ashley Cole
95%
LW Cristiano Ronaldo
95%
CM Frank Lampard
90%
CB Rio Ferdinand
90%
CM Steven Gerrard
90%
RW Mohamed Salah
87%
CB Nemanja Vidic
87%
CM Paul Scholes
87%
LW Thierry Henry
87%
ST Alan Shearer
85%
CM Kevin De Bruyne
85%
GK Petr Cech
85%
ST Sergio Aguero
82%
RB Gary Neville
79%
CB John Terry
79%
CB Virgil van Dijk
79%
GK Edwin Van der Sar
77%
GK Peter Schmeichel
77%
CDM Roy Keane
74%
LW Eden Hazard
69%
ST Harry Kane
69%
RB Kyle Walker
64%
LB Patrice Evra
64%
CDM Patrick Vieira
64%
RB Trent Alexander-Arnold
59%
RW David Beckham
56%
CM David Silva
56%
CDM N'Golo Kante
54%
CB Vincent Kompany
54%
CB Sol Campbell
51%
CM Yaya Toure
49%
RW Gareth Bale
36%
LB Leighton Baines
10%
No matching quizzes found
Score Distribution
Percent of People with Each Score
Percentile by Number Answered
Your Score History
You have not taken this quiz since the last reset